[Event "Unterfranken-ch HA 59th"]
[Site "Rieneck"]
[Date "2008.03.28"]
[Round "8"]
[White "Schindel, Manfred"]
[Black "Yalcin, Alparslan"]
[Result "1/2-1/2"]
[WhiteElo "1526"]
[BlackElo "1426"]
[PlyCount "96"]
[EventDate "2008.03.24"]
[EventType "swiss"]
[EventRounds "9"]
[EventCountry "GER"]
[SourceTitle "EXT 2015"]
[Source "ChessBase"]
[SourceDate "2014.11.20"]
[SourceVersion "1"]
[SourceVersionDate "2014.11.20"]
[SourceQuality "1"]

1. Nf3 Nf6 2. e3 d5 3. c4 e6 4. cxd5 exd5 5. Nc3 c5 6. Bb5+ Nc6 7. Ne5 Qc7 8. d4 Bd6 9. f4 a6 10. Qa4 Bd7 11. Nxd7 Qxd7 12. Bd2 0-0 13. Bxc6 bxc6 14. 0-0 Qb7 15. Qc2 cxd4 16. exd4 Bb4 17. g3 Bxc3 18. Bxc3 Ne4 19. Rab1 f5 20. Bb4 Rf6 21. Qd3 Rh6 22. Rf3 Qb6 23. Rc1 Rc8 24. Rc2 a5 25. Bc5 Qb5 26. Qb3 a4 27. Qb4 Re6 28. a3 Rce8 29. Qxb5 cxb5 30. Bb4 Nf6 31. h3 Re2 32. Rf2 R2e6 33. Rc3 Re1+ 34. Kg2 Ne4 35. Rcc2 Nxf2 36. Bxe1 Rxe1 37. Kxf2 Rb1 38. h4 Kf7 39. Kf3 Ke6 40. Re2+ Kd6 41. Rc2 g6 42. Ke2 Ke6 43. Rc6+ Kd7 44. Rc2 Kd6 45. Kf2 Ke6 46. Re2+ Kd6 47. Rd2 Ke6 48. Ke2 Kd6 1/2-1/2

[Event "Unterfranken-ch HA 59th"]
[Site "Rieneck"]
[Date "2008.03.26"]
[Round "5"]
[White "Saftenberger, Wolfgang"]
[Black "Schindel, Manfred"]
[Result "1/2-1/2"]
[WhiteElo "1676"]
[BlackElo "1526"]
[PlyCount "36"]
[EventDate "2008.03.24"]
[EventType "swiss"]
[EventRounds "9"]
[EventCountry "GER"]
[SourceTitle "EXT 2015"]
[Source "ChessBase"]
[SourceDate "2014.11.20"]
[SourceVersion "1"]
[SourceVersionDate "2014.11.20"]
[SourceQuality "1"]

1. d4 d5 2. Nf3 e6 3. c4 Nf6 4. Nc3 c5 5. cxd5 Nxd5 6. Nxd5 Qxd5 7. e3 Nc6 8. Bb5 a6 9. Bxc6+ Qxc6 10. 0-0 Bd6 11. b3 0-0 12. Bb2 b6 13. Rc1 a5 14. dxc5 Bxc5 15. Ne5 Qd5 16. Qxd5 exd5 17. Rfd1 Be6 18. Nd3 Rac8 1/2-1/2

[Event "Unterfranken-ch HA 57th"]
[Site "Prichsenstadt"]
[Date "2006.04.21"]
[Round "7"]
[White "Hofmann, Andreas"]
[Black "Schindel, Manfred"]
[Result "1-0"]
[WhiteElo "1745"]
[BlackElo "1669"]
[PlyCount "73"]
[EventDate "2006.04.17"]
[EventType "swiss"]
[EventRounds "9"]
[EventCountry "GER"]
[SourceTitle "EXT 2015"]
[Source "ChessBase"]
[SourceDate "2014.11.20"]
[SourceVersion "1"]
[SourceVersionDate "2014.11.20"]
[SourceQuality "1"]

1. e4 e5 2. Nf3 Nf6 3. Nc3 Nc6 4. Bc4 d6 5. Ng5 d5 6. exd5 Na5 7. Qe2 Nxc4 8. Qxc4 Bd6 9. d3 0-0 10. Qh4 Bf5 11. Nge4 Be7 12. Bg5 Nxd5 13. Nxd5 Bxg5 14. Qxg5 Qxg5 15. Nxg5 c6 16. Ne7+ Kh8 17. Nxf5 h6 18. Ne4 Kh7 19. 0-0-0 b5 20. d4 f6 21. dxe5 fxe5 22. g4 a5 23. Rd7 Rg8 24. Nf6+ Kg6 25. Nxg8 Rxg8 26. Ne7+ Kg5 27. Nxg8 e4 28. Rxg7+ Kf4 29. Rf7+ Ke5 30. Re1 Kd5 31. Re7 a4 32. R1xe4 h5 33. Nf6+ Kc5 34. Nd7+ Kd5 35. R4e5+ Kd4 36. c3+ Kc4 37. Nb6+ 1-0

[Event "Unterfranken-ch HA 57th"]
[Site "Prichsenstadt"]
[Date "2006.04.18"]
[Round "2"]
[White "Ziegler, Georg"]
[Black "Schindel, Manfred"]
[Result "0-1"]
[WhiteElo "800"]
[BlackElo "1669"]
[PlyCount "42"]
[EventDate "2006.04.17"]
[EventType "swiss"]
[EventRounds "9"]
[EventCountry "GER"]
[SourceTitle "EXT 2015"]
[Source "ChessBase"]
[SourceDate "2014.11.20"]
[SourceVersion "1"]
[SourceVersionDate "2014.11.20"]
[SourceQuality "1"]

1. e4 e5 2. Nf3 Nc6 3. Bb5 a6 4. Ba4 Nf6 5. Nc3 Bb4 6. d3 b5 7. Bb3 Bb7 8. 0-0 0-0 9. Bd2 h6 10. Nd5 Bc5 11. Nxf6+ Qxf6 12. Bc3 Nd4 13. Be1 Nxb3 14. axb3 d5 15. Qe2 Rfe8 16. b4 Bb6 17. Rd1 Rad8 18. Nd2 Qg6 19. h3 dxe4 20. Kh1 exd3 21. cxd3 Qxg2# 0-1

[Event "Unterfranken-ch HA 57th"]
[Site "Prichsenstadt"]
[Date "2006.04.17"]
[Round "1"]
[White "Schindel, Manfred"]
[Black "Engelbrecht, Klaus"]
[Result "1-0"]
[WhiteElo "1669"]
[BlackElo "1283"]
[PlyCount "41"]
[EventDate "2006.04.17"]
[EventType "swiss"]
[EventRounds "9"]
[EventCountry "GER"]
[SourceTitle "EXT 2015"]
[Source "ChessBase"]
[SourceDate "2014.11.20"]
[SourceVersion "1"]
[SourceVersionDate "2014.11.20"]
[SourceQuality "1"]

1. e4 e5 2. Nf3 d6 3. d4 Bg4 4. dxe5 Bxf3 5. Qxf3 dxe5 6. Bc4 Nf6 7. Bg5 Nbd7 8. Nc3 Bb4 9. 0-0-0 Bd6 10. Nd5 h6 11. Nxf6+ Nxf6 12. Bh4 Qe7 13. Qb3 g5 14. Bg3 Nxe4 15. Qxb7 0-0 16. Qxe4 a5 17. Qg6+ Kh8 18. Qxh6+ Kg8 19. h4 Ba3 20. hxg5 Bxb2+ 21. Kb1 1-0

[Event "Unterfranken-ch HA 56th"]
[Site "Stetten"]
[Date "2005.03.29"]
[Round "3"]
[White "Kirchenmayer, Thomas"]
[Black "Schindel, Manfred"]
[Result "0-1"]
[WhiteElo "1289"]
[BlackElo "1621"]
[PlyCount "120"]
[EventDate "2005.03.28"]
[EventType "swiss"]
[EventRounds "9"]
[EventCountry "GER"]
[SourceTitle "EXT 2015"]
[Source "ChessBase"]
[SourceDate "2014.11.20"]
[SourceVersion "1"]
[SourceVersionDate "2014.11.20"]
[SourceQuality "1"]

1. d4 d5 2. Nf3 Nf6 3. Bg5 e6 4. e3 Be7 5. Bd3 Nbd7 6. 0-0 0-0 7. Nbd2 b6 8. Re1 Bb7 9. a3 Ne4 10. Bxe7 Qxe7 11. Qb1 h6 12. c4 Nxd2 13. Nxd2 dxc4 14. Bxc4 Qg5 15. f3 Nf6 16. Re2 Rfd8 17. Qe1 Rac8 18. Qg3 Qxg3 19. hxg3 c5 20. dxc5 Rxc5 21. Bb3 Ba6 22. Rf2 Rd3 23. e4 Rc8 24. Ba2 Nd7 25. f4 Rxg3 26. Rf3 Rxf3 27. Nxf3 Rc2 28. b4 Kf8 29. Nd4 Rd2 30. Nb3 Re2 31. Bb1 Nf6 32. Nd4 Re1+ 33. Kf2 Rf1+ 34. Ke3 Ng4+ 35. Kd2 Rf2+ 36. Kc3 Rxg2 37. Nc6 Rg3+ 38. Kd4 Rg1 39. Kc3 Rc1+ 40. Kd2 Rxc6 41. Ba2 Rd6+ 42. Kc3 Rd3+ 43. Kc2 Ne3+ 44. Kb2 Rd1 45. Bb3 Rxa1 46. Kxa1 Bb7 47. e5 h5 48. Kb2 h4 49. Kc3 h3 50. Kd3 h2 51. Kxe3 h1Q 52. Ba4 Qf3+ 53. Kd2 Qxf4+ 54. Kd3 Be4+ 55. Kc4 Qxe5 56. b5 Ke7 57. Kb3 Kd6 58. Kc4 Qc5+ 59. Kb3 Bc2+ 60. Kb2 Bxa4 0-1

[Event "Unterfranken-ch HA 56th"]
[Site "Stetten"]
[Date "2005.03.29"]
[Round "4"]
[White "Werner, Stefan1111"]
[Black "Schindel, Manfred"]
[Result "0-1"]
[WhiteElo "1653"]
[BlackElo "1621"]
[PlyCount "155"]
[EventDate "2005.03.28"]
[EventType "swiss"]
[EventRounds "9"]
[EventCountry "GER"]
[SourceTitle "EXT 2015"]
[Source "ChessBase"]
[SourceDate "2014.11.20"]
[SourceVersion "1"]
[SourceVersionDate "2014.11.20"]
[SourceQuality "1"]

1. d4 d5 2. c4 e6 3. a3 Nf6 4. Nc3 Nc6 5. Nf3 b6 6. Bg5 Be7 7. Rc1 Bb7 8. e3 0-0 9. cxd5 Nxd5 10. Bxe7 Ncxe7 11. Be2 Nf6 12. 0-0 Ng6 13. Ne1 Qe7 14. Bf3 c6 15. g3 Rfd8 16. Qc2 Rdc8 17. Nd3 h5 18. Ne2 h4 19. Qc4 hxg3 20. hxg3 c5 21. Bxb7 Qxb7 22. dxc5 bxc5 23. Rc2 Qf3 24. Ne1 Qh5 25. Kg2 Qd5+ 26. Nf3 Ne4 27. Nc3 Nxc3 28. Rxc3 Ne5 29. Qf4 Nd3 30. Qh4 Ne5 31. Qf4 Nxf3 32. Qxf3 Qd2 33. Rh1 Qd5 34. e4 Qc6 35. Re3 e5 36. Qf5 Qf6 37. Qh7+ Kf8 38. Qh8+ Ke7 39. Qh3 Qg6 40. Qh4+ f6 41. Rf3 Qg5 42. Qxg5 fxg5 43. Rf5 Rab8 44. Rxe5+ Kf6 45. Rf5+ Kg6 46. Rd1 Rxb2 47. Rd6+ Kh7 48. Rf7 c4 49. Rdd7 c3 50. Rxg7+ Kh6 51. Rc7 Rf8 52. Rh7+ Kg6 53. Rcg7+ Kf6 54. Rc7 Kg6 55. Rcg7+ Kf6 56. g4 Rd2 57. Rc7 Kg6 58. Rhg7+ Kh6 59. Rgf7 Rxf7 60. Rxf7 c2 61. Rc7 Kg6 62. Rc6+ Kf7 63. Kf3 Rd3+ 64. Ke2 Rxa3 65. Rxc2 Ke6 66. Rc5 Kf6 67. Rf5+ Kg6 68. e5 Ra4 69. f3 Ra3 70. e6 Ra2+ 71. Kd3 Ra1 72. Ke4 Re1+ 73. Kd5 a5 74. Kd6 a4 75. Kd7 a3 76. e7 a2 77. Ra5 Rd1+ 78. Kc6 0-1